| 000 | 00402nam a2200133Ia 4500 | ||
|---|---|---|---|
| 008 | 220216s9999 xx 000 0 und d | ||
| 100 | _aSekhar B C | ||
| 245 | 0 | _aMalaysian Natural rubber dilemma | |
| 260 | _bProceedings of the International Rubber Conference, Kuala Lumpur, Malaysia, V.1. 1985; p57-72 | ||
| 650 | _aMalaysia | ||
| 650 | _aNatural Rubber | ||
| 650 | _aSynthetic rubber | ||
| 942 | _cJS | ||
| 999 |
_c62390 _d62390 |
||